000 01002njm a2200289Ia 4500
001 24133
003 IT-RoPAU
005 20220918181129.0
008 131025s9999 xx 000 0 und d
040 _aIT-RoPAU
040 _cIT-RoPAU
999 _c100464
_d100464
999 _bn.d.
100 _aEurythmics
_99023
100 _eAutore musica
_99024
100 _gCodice autore musica SPICS: 8026
_99025
245 _aTouch (Eurythmics)
250 _a1a ed.
260 _aROMA
260 _bRCA (RADIO CORP. AMERICA)
_c1983 [1a Ed.:1983 - Ed. Lingua Orig.: 1983]
300 _aDISCO
300 _c46 minuti (Testo: pag.)
500 _aMusica strumentale.
505 _aHere Comes the Rain Again - Regrets - Right By Your Side - Cool Blue - Who's That Girl? - The First Cut - Aqua - No Fear, No Hate, No Pain (No Broken Hearts) - Paint a Rumour.
650 _aSTRUMENTALE [DISCHI]
_eCodice MATERIA SPICS: 9950
_9828
700 _aEurythmics
_gCodice Interprete SPICS: 8026
_eInterprete
_99026
942 _cMD
_2ddc